UNIX: Concepts and Applications: includes systems programming and linux (Record no. 154)

MARC details
000 -LEADER
fixed length control field 00472nam a22001697a 4500
005 - DATE AND TIME OF LATEST TRANSACTION
control field 20210910122558.0
008 - FIXED-LENGTH DATA ELEMENTS--GENERAL INFORMATION
fixed length control field 160428b xxu||||| |||| 00| 0 eng d
020 ## - INTERNATIONAL STANDARD BOOK NUMBER
ISBN 0-07-053475-6
041 ## - LANGUAGE CODE
Language code of text/sound track or separate title eng
082 ## - DEWEY DECIMAL CLASSIFICATION NUMBER
Item number 00532
Classification number 005.432
100 ## - MAIN ENTRY--AUTHOR NAME
Personal name Das, Sumitabha
245 ## - TITLE STATEMENT
Title UNIX: Concepts and Applications: includes systems programming and linux
260 ## - PUBLICATION, DISTRIBUTION, ETC. (IMPRINT)
Place of publication New Delhi
Name of publisher TMH Publ.co.Ltd.
Year of publication 2004
300 ## - PHYSICAL DESCRIPTION
Number of Pages 673
650 ## - SUBJECT ADDED ENTRY--TOPICAL TERM
Topical Term Information Technology
942 ## - ADDED ENTRY ELEMENTS (KOHA)
Koha item type Books
Holdings
Lost status Damaged status Collection code Home library Current library Shelving location Date acquired Full call number Accession Number Koha item type
    CS/IT JRU Library JRU Library SHELF-51-D 28/04/2016 005.432 00532 Books
    CS/IT JRU Library JRU Library SHELF-51-D 28/04/2016 005.432 00533 Books
    CS/IT JRU Library JRU Library SHELF-51-D 28/04/2016 005.432 00534 Books
    CS/IT JRU Library JRU Library SHELF-51-D 28/04/2016 005.432 00535 Books
    Reference JRU Library   SHELF-29-D 28/04/2016   00536 Books